000 00711nam a2200229Ia 4500
003 OSt
005 20220923224428.0
006 a|||||r|||| 00| 0
007 ta
008 Pun
024 _a232,638
037 _cTextual
040 _aARTS
_cARTS
_bPun
041 _2Pun
_aPun
082 _aO153,3:g, P5
100 _aਰਜਨੀF ਬਹਾਦਰ ਸਿੰਘ
_9167480
245 0 _aਸਮਕਾਲੀ ਪੰਜਾਬੀ ਕਹਾਣੀ
_bਪਾਠਗਤ-ਅਧਿਐਨ
260 _aਲੁਧਿਆਣਾ
_b ਚੇਤਨਾ ਪ੍ਰਕਾFਨ
_c2005
300 _a228 ਪੰ
_ccm.
942 _hO153,3:g, P5
_cTEXL
_2CC
999 _c371375
_d371375